Normale Ansicht MARC-Ansicht ISBD

Die diplomatischen Beziehungen Deutschlands zur Sowjetunion 1917-1932 (Titelsatznr. 27972)

[ MARC ]
MARC-Details
000 -Satzkennung
Kontrollfeld mit fester Länge 00522nam a22002051c 4500
001 - Kontrollnummer
Kontrollfeld a987688350
008 - Feld mit fester Länge zur physischen Beschreibung - Allgemeine Angaben
Kontrollfeld mit fester Länge 170926s1953 gw |||| 000u ger d
041 ## - Sprachcode
Sprachcode des Textes/der Tonspur oder des separaten Titels ger
040 ## - Katalogisierungsquelle
Übertragungsstelle RU-10907106
003 - Kontrollnummer Identifier
Kontrollfeld RU-10907106
100 1# - Haupteintragung - Personenname
Personenname Klein, Fritz
245 04 - Titel
Titel Die diplomatischen Beziehungen Deutschlands zur Sowjetunion 1917-1932
250 ## - Ausgabebezeichnung
Ausgabebezeichnung 2., durchgesehene Auflage
264 ## - Produktion, Veröffentlichung, Distribution, Herstellung und Urheberrechtsvermerk
Herstellungs-, Veröffentlichungs- Vertriebs-, Erzeugungsort Berlin,
Datum der Herstellung, der Veröffentlichung, des Vertriebs oder des Urheberschutzvermerks 1953
300 ## - Physische Beschreibung
Umfang 190 Seiten
650 #0 - Nebeneintragung unter einem Schlagwort - Sachschlagwort
Sachschlagwort oder geografischer Name als Eintragungselement Außenpolitik
651 #0 - Nebeneintragung unter einem Schlagwort - Geografischer Name
Geografischer Name Sowjetunion
651 #0 - Nebeneintragung unter einem Schlagwort - Geografischer Name
Geografischer Name Deutschland
942 ## - Zusätzliche Felder (Koha)
Koha-Medientyp Monographien
Exemplare
Ausgeschieden Verloren Klassifikation oder Aufstellungssystematik Beschädigt Nicht entleihbar Heimatbibliothek Aufenthaltsbibliothek Aufstellungsort Erwerbungsdatum Inventarnummer Signatur Barcode Letzte Aktivität Preis gültig von Koha-Medientyp
    Andere/Generische Klassifikation     MWN Osteuropa MWN Osteuropa Lesesaal - 1 26/09/2017 17-04214 Ersatzß D 51 c Kle E004015078FB8170 23/02/2021 22/03/2021 Monographien